01401 a2200193 45000010006000000050017000060080041000230030015000640400040000790800088001192450138002070200018003452640059003633000019004225050588004411000029010297000034010588560115010922535420260407155538.0260407a2004 arg spa dAR-UNSa-BCEJYS aAR-UNSa-BCEJYSbspacAR-UNSa-BCEJYS a657.05xContabilidad de gestión (Contabilidad gerencial, control de gestión...)10aGuías de Control de Gestión, para profesionales y maestrandospdesde la contabilidad de gestión y hacia los tableros de comando a987-9417-77-8 1aSan Miguel de Tucumán :bEdiciones El Graduadoc2004 a383 p.c29 cm. a1. ¿Cuál es la idea? - 2. El marco del sistema integrado de información - 3. Estudio y análisis del planeamiento estratégico - 4. Estudio y análisis del control de gestión(I) - 5. Estudio y análisis del control de gestión (II) - 6. El sistema de información gerencial - 7. Estudio y análisis de la contabilidad de gestión - 8. Análisis diagnóstico a trvés de la planeación presupuestaria - 9. El programa de presupuesto integrada - 10. Presupuesto específico de ventas - 11. Presupuesto específico de compras - 12. Presupuesto fijo de producción.1 aOstengo, Héctor Carlos1 aNorton de Ostengo, María R.41uhttps://biblioeco.unsa.edu.ar/pmb/images/libros/Guias de Control de Gestion.jpgyImagen de portadaqimage/jpeg